000 00558nam a22001937a 4500
003 koha_MIRAKIL
005 20251210141058.0
008 251210b eng||||| |||| 00| 0 eng d
020 _a9781844286393
040 _aTR-IsEVY
_btur
_cTR-IsEVY
082 _a420 BOX/H
100 _aBoxall, Ed
245 4 _aHugo's Hullabaloo /
_cEd Boxall.
260 _aLondon :
_bWalker Books.,
_c2004.
300 _a48 p. :
_bcolour pictures. ;
_c20 cm.
490 0 _aStarters.
650 _aEnglish Education.
_vChildren's literature.
_xReading Books.
942 _2ddc
_cBK
999 _c23064
_d23064